| 000 | 01475nam a22003857a 4500 | ||
|---|---|---|---|
| 003 | CHAP | ||
| 005 | 20220329143222.0 | ||
| 008 | 070330d2005 mx ad r 00110 spa d | ||
| 010 | _a93468 | ||
| 011 | _a94440 | ||
| 035 | _a105030 | ||
| 040 | _cCHAP | ||
| 090 | _aTesis | ||
| 100 | 1 |
_aOrganista Mayo, Leydi Diana _983530 |
|
| 245 | 1 | 0 |
_aPrueba comparativa del proceso de engorda entre machos y hembras de la codorniz japonesa (Coturnix coturnix japónica) _c/por Leydi Diana Organista Mayo |
| 260 |
_aCocula, Gro. : _bEl autor, _c2005 |
||
| 300 |
_a47 h. : _bilus. ; gráfs. ; cuad. |
||
| 502 | _aTesis (Ing. Agr. Zootecnista) -- Colegio Superior Agropecuario del Estado de Guerrero. Centro de Estudios Profesionales | ||
| 590 |
_aALEPH _b10 _c20130110 _lUCH01 _h1517 |
||
| 590 |
_aBATCH-UPD _b10 _c20130110 _lUCH01 _h0224 |
||
| 590 |
_aBATCH-UPD _b10 _c20130110 _lUCH01 _h0809 |
||
| 590 |
_aBATCH-UPD _b10 _c20130409 _lUCH01 _h2246 |
||
| 590 |
_aBATCH-UPD _b10 _c20130410 _lUCH01 _h1054 |
||
| 590 |
_aBATCH-UPD _b10 _c20130914 _lUCH01 _h0451 |
||
| 590 |
_aBATCH-UPD _b10 _c20130914 _lUCH01 _h2142 |
||
| 590 |
_aCONVERSION _b10 _c20130109 _lUCH01 _h1352 |
||
| 650 | 1 | 4 |
_aAves de corral _xRazas. _98679 |
| 650 | 1 | 4 |
_aCodorniz _xAlimentación. _924301 |
| 650 | 1 | 4 |
_aCodorniz _xEngorda. _924306 |
| 650 | 1 | 4 |
_aCodorniz _xNutrición. _924310 |
| 901 | _aBK | ||
| 905 | _aMarco A. Mendoza T. | ||
| 942 | _cTESIS | ||
| 949 |
_aTesis _bBC _cTES _d33724002024545 _eTS1 _gDonaciØn _h46688 _i105030 _sb |
||
| 999 |
_c93468 _d93468 |
||